SWOT analýza využívania technológií umelej inteligencie v medicíne bakalárska práca

Uložené v:
Podrobná bibliografia
Hlavný autor: Halaj, Filip
Korporativný autor: Fakulta hospodárskej informatiky EU. Katedra aplikovanej informatiky
Ďalší autori: Rakovská, Eva, 1963-
Médium: Kniha
Jazyk:Slovak
Vydavateľské údaje: Bratislava 2024
Tagy: Pridať tag
Žiadne tagy, Buďte prvý, kto otaguje tento záznam!

MARC

LEADER 00000nbm a2200000 4500
001 0302603
005 20250124105738.1
041 0 |a slo 
044 |a SK 
245 1 0 |a SWOT analýza využívania technológií umelej inteligencie v medicíne  |b bakalárska práca  |c Filip Halaj ; školiteľ: Eva Rakovská 
264 1 |a Bratislava  |c 2024 
300 |a 42 s. 
100 1 |a Halaj, Filip 
700 1 |a Rakovská, Eva, 1963- 
710 2 |a Fakulta hospodárskej informatiky EU. Katedra aplikovanej informatiky